[Event "5th EKA IIFL Investment 2019"]
[Site "Mumbai"]
[Date "2020.01.07"]
[Round "9.4"]
[White "Tukhaev, Adam"]
[Black "Sardana, Rishi"]
[Result "0-1"]
[WhiteElo "2552"]
[BlackElo "2428"]
[Annotator "ChessBase"]
[PlyCount "76"]
[EventDate "2019.12.30"]
[EventType "swiss"]
[EventCountry "IND"]
[SourceTitle "playchess.com"]
[Source "ChessBase"]
[SourceQuality "1"]

1. e4 c5 2. Nf3 d6 3. d4 cxd4 4. Nxd4 Nf6 5. Nc3 a6 6. h3 Nc6 7. g4 g6 8. Nde2 b5 9. Bg2 Bb7 10. O-O Bg7 11. Ng3 O-O 12. f4 b4 13. Nce2 Rc8 14. a3 a5 15. axb4 Qb6+ 16. Kh2 axb4 17. Qd3 Nd7 18. Be3 Nc5 19. Qd2 Bxb2 20. Rab1 Bg7 21. f5 Qa5 22. Nd4 Qa3 23. f6 Bxf6 24. Rxf6 exf6 25. Nb5 Qa2 26. Nxd6 Qxb1 27. Bxc5 Na5 28. Nxc8 Rxc8 29. g5 Qb2 30. gxf6 Qc3 31. Qh6 Qxf6 32. Bxb4 Nc6 33. Bd2 Nd4 34. Qe3 Rxc2 35. Kh1 Qe5 36. Qd3 Ba6 37. Qe3 Ne6 38. Be1 Qf4 0-1

[Event "5th EKA IIFL Investment 2019"]
[Site "Mumbai"]
[Date "2020.01.07"]
[Round "9.5"]
[White "Stupak, Kirill"]
[Black "Neverov, Valeriy"]
[Result "1-0"]
[WhiteElo "2529"]
[BlackElo "2460"]
[Annotator "TA"]
[PlyCount "79"]
[EventDate "2019.12.30"]
[EventType "swiss"]
[EventCountry "IND"]
[SourceTitle "playchess.com"]
[Source "ChessBase"]
[SourceQuality "1"]

1. d4 d5 2. c4 e6 3. Nc3 Nf6 4. Nf3 Be7 5. Bf4 O-O 6. e3 Nbd7 7. Be2 dxc4 8. O-O Nb6 9. Ne5 c5 10. dxc5 Bxc5 11. Qxd8 Rxd8 12. Rfd1 Be7 13. Rxd8+ Bxd8 14. Rd1 Be7 15. e4 Bd7 16. Be3 Be8 17. Nxc4 Nxc4 18. Bxc4 Bc6 19. f3 a6 20. Ne2 Bb5 21. Bxb5 axb5 22. a3 b4 23. axb4 Bxb4 24. Kf2 h6 25. Rd3 Ra1 26. Nc1 Bc5 27. Rc3 Bxe3+ 28. Kxe3 Ne8 29. Rc8 Kf8 30. Nd3 Ra6 31. Nc5 Rc6 32. Rxc6 bxc6 33. Kd4 Ke7 34. Na6 Nd6 35. Nb8 e5+ 36. Kc5 f6 37. b4 Nb7+ 38. Kxc6 Nd8+ 39. Kd5 Ne6 40. b5 1-0

[Event "5th EKA IIFL Investment 2019"]
[Site "Mumbai"]
[Date "2020.01.07"]
[Round "9.6"]
[White "Gupta, Abhijeet"]
[Black "Das, Sayantan"]
[Result "1-0"]
[WhiteElo "2611"]
[BlackElo "2440"]
[Annotator "TA"]
[PlyCount "57"]
[EventDate "2019.12.30"]
[EventType "swiss"]
[EventCountry "IND"]
[SourceTitle "playchess.com"]
[Source "ChessBase"]
[SourceQuality "1"]

1. d4 d5 2. c4 e6 3. Nc3 Bb4 4. a3 Bxc3+ 5. bxc3 Nf6 6. cxd5 exd5 7. e3 Bf5 8. f3 O-O 9. Ne2 c5 10. g4 Nxg4 11. fxg4 Bxg4 12. Rg1 Qh4+ 13. Kd2 cxd4 14. cxd4 Rc8 15. Qe1 Qd8 16. Qg3 h5 17. h3 Nd7 18. hxg4 Nf6 19. Bg2 hxg4 20. Rh1 Qa5+ 21. Kd1 Qb5 22. Qh2 Kf8 23. a4 Qd3+ 24. Ke1 Rxc1+ 25. Rxc1 Re8 26. Qh8+ Ke7 27. Rc7+ Kd8 28. Qh2 Qb1+ 29. Rc1 1-0

[Event "5th EKA IIFL Investment 2019"]
[Site "Mumbai"]
[Date "2020.01.07"]
[Round "9.7"]
[White "Nitin, S.."]
[Black "Puranik, Abhimanyu"]
[Result "0-1"]
[WhiteElo "2329"]
[BlackElo "2580"]
[Annotator "TA"]
[PlyCount "80"]
[EventDate "2019.12.30"]
[EventType "swiss"]
[EventCountry "IND"]
[SourceTitle "playchess.com"]
[Source "ChessBase"]
[SourceQuality "1"]

1. e4 e5 2. Nf3 Nc6 3. Nc3 Nf6 4. Bb5 Bd6 5. d3 h6 6. a3 O-O 7. g4 Nd4 8. g5 hxg5 9. Bxg5 Ne6 10. h4 Be7 11. Bc4 d6 12. Rg1 c6 13. Bxe6 Bxe6 14. Bxf6 Bxf6 15. Ng5 Re8 16. Qh5 Kf8 17. Nh7+ Ke7 18. Nxf6 gxf6 19. Qf3 Rh8 20. h5 Qf8 21. d4 Qh6 22. d5 cxd5 23. exd5 Bd7 24. Ne4 Rag8 25. Rh1 Rg4 26. Nd2 Rd4 27. O-O-O Rc8 28. Rhe1 Bg4 29. Qb3 Rc7 30. f3 Bf5 31. c3 Bh7 32. Re2 Qxh5 33. Rde1 Qg5 34. Re3 Rh4 35. Qb5 b6 36. Qe2 Qh6 37. Qf1 Kf8 38. Qg2 Rc5 39. b4 Rxd5 40. f4 Qg6 0-1

[Event "5th EKA IIFL Investment 2019"]
[Site "Mumbai"]
[Date "2020.01.07"]
[Round "9.8"]
[White "Krishnater Kushager"]
[Black "David, Alberto"]
[Result "0-1"]
[WhiteElo "2308"]
[BlackElo "2545"]
[Annotator "TA"]
[PlyCount "76"]
[EventDate "2019.12.30"]
[EventType "swiss"]
[EventCountry "IND"]
[SourceTitle "playchess.com"]
[Source "ChessBase"]
[SourceQuality "1"]

1. e4 e6 2. d4 d5 3. Nc3 Nc6 4. Nf3 Nf6 5. e5 Ne4 6. Bd3 Bb4 7. O-O Nxc3 8. bxc3 Bxc3 9. Rb1 h6 10. Rb3 Ba5 11. Ba3 Bb6 12. c3 Na5 13. Rb1 Nc4 14. Bxc4 dxc4 15. Nd2 Qd5 16. Qe2 Bd7 17. Nxc4 Bc6 18. f3 O-O-O 19. Rfd1 Kb8 20. Nxb6 axb6 21. c4 Qa5 22. Rd3 Qa6 23. Rb4 Ba4 24. Qb2 Rd7 25. Qc3 Rhd8 26. Rb2 f6 27. exf6 gxf6 28. Rbd2 Bc6 29. Bb4 b5 30. c5 Bd5 31. c6 Qxc6 32. Qxc6 Bxc6 33. Rd1 Bd5 34. R3d2 b6 35. Kf2 h5 36. h4 Rg7 37. Rg1 Rdg8 38. Ke3 Kb7 0-1

[Event "5th EKA IIFL Investment 2019"]
[Site "Mumbai"]
[Date "2020.01.07"]
[Round "9.9"]
[White "Mohammad Fahad, Rahman"]
[Black "Taher, Yoseph Theolifus"]
[Result "1/2-1/2"]
[WhiteElo "2294"]
[BlackElo "2469"]
[Annotator "ChessBase"]
[PlyCount "134"]
[EventDate "2019.12.30"]
[EventType "swiss"]
[EventCountry "IND"]
[SourceTitle "playchess.com"]
[Source "ChessBase"]
[SourceQuality "1"]

1. e4 e6 2. d4 d5 3. Nc3 Nf6 4. Bg5 Bb4 5. e5 h6 6. Bc1 Ne4 7. Qg4 g6 8. Nge2 Nxc3 9. bxc3 Be7 10. h4 c5 11. h5 g5 12. f4 Rg8 13. Rh3 Nc6 14. Rg3 Qa5 15. fxg5 Bxg5 16. Bxg5 Rxg5 17. Qf4 Rxg3 18. Qxg3 Nxd4 19. Kf2 Nc6 20. Qg8+ Ke7 21. Qg7 Qc7 22. Nf4 Bd7 23. Qf6+ Ke8 24. Qh8+ Ke7 25. Qf6+ Ke8 26. Qh8+ Ke7 27. Qxa8 Qxe5 28. Ne2 Qf5+ 29. Kg1 b6 30. Qg8 Qxh5 31. Re1 Qf5 32. Qg3 Qxc2 33. Nf4 Qd2 34. Qf2 Qxf2+ 35. Kxf2 Kd6 36. Bb5 e5 37. Bxc6 Bxc6 38. Ne2 d4 39. Rh1 Kd5 40. Rxh6 Bd7 41. cxd4 cxd4 42. Ng3 Be6 43. Kf3 f5 44. Rh5 f4 45. Ne2 Kd6 46. Rh6 Kd5 47. g3 fxg3 48. Nxg3 b5 49. Rh8 a5 50. Rd8+ Kc5 51. Ke4 Bxa2 52. Kxe5 a4 53. Ne4+ Kb4 54. Kxd4 a3 55. Ke3 Bb3 56. Rd4+ Bc4 57. Rd1 a2 58. Kd2 Kb3 59. Nc3 b4 60. Nxa2 Kxa2 61. Kc1 b3 62. Rd2+ Ka3 63. Kb1 Be6 64. Rf2 Bc4 65. Rb2 Bd3+ 66. Ka1 Bc2 67. Rxc2 bxc2 1/2-1/2

[Event "5th EKA IIFL Investment 2019"]
[Site "Mumbai"]
[Date "2020.01.07"]
[Round "9.10"]
[White "Krishna C R G"]
[Black "Dere Pushkar"]
[Result "0-1"]
[WhiteElo "2459"]
[BlackElo "2061"]
[Annotator "TA"]
[PlyCount "68"]
[EventDate "2019.12.30"]
[EventType "swiss"]
[EventCountry "IND"]
[SourceTitle "playchess.com"]
[Source "ChessBase"]
[SourceQuality "1"]

1. d4 Nf6 2. Nf3 d5 3. c4 c6 4. Nbd2 a6 5. g3 Bf5 6. Bg2 e6 7. O-O Bd6 8. a3 O-O 9. b4 b5 10. c5 Bc7 11. a4 Nbd7 12. Bb2 Qb8 13. Nb3 Re8 14. a5 h6 15. Ra3 e5 16. dxe5 Nxe5 17. Nxe5 Bxe5 18. Nd4 Bxd4 19. Bxd4 Nd7 20. Qa1 f6 21. Re1 Ne5 22. h3 Nc4 23. Rc3 Ra7 24. Qd1 Rae7 25. g4 Be4 26. Rg3 Bxg2 27. Kxg2 Qf4 28. e3 Qe4+ 29. f3 Qf4 30. g5 hxg5 31. exf4 Rxe1 32. Qxe1 Rxe1 33. fxg5 f5 34. f4 Re4 0-1

[Event "5th EKA IIFL Investment 2019"]
[Site "Mumbai"]
[Date "2020.01.07"]
[Round "9.11"]
[White "Rahman, Ziaur"]
[Black "Muthaiah AL"]
[Result "1/2-1/2"]
[WhiteElo "2440"]
[BlackElo "2363"]
[Annotator "TA"]
[PlyCount "72"]
[EventDate "2019.12.30"]
[EventType "swiss"]
[EventCountry "IND"]
[SourceTitle "playchess.com"]
[Source "ChessBase"]
[SourceQuality "1"]

1. d4 Nf6 2. Bg5 e6 3. e4 h6 4. Bxf6 Qxf6 5. c3 c5 6. Nf3 Nc6 7. d5 exd5 8. exd5 Ne5 9. Nbd2 Nxf3+ 10. Nxf3 Bd6 11. Bd3 O-O 12. O-O b6 13. a4 a6 14. Nd2 Bb7 15. Ne4 Qe5 16. Nxd6 Qxd6 17. c4 Rfe8 18. Re1 Kf8 19. Qd2 Rxe1+ 20. Rxe1 Re8 21. Rxe8+ Kxe8 22. Qc3 f6 23. g3 Kd8 24. f3 Qe5 25. Qxe5 fxe5 26. Kf2 d6 27. Ke3 Bc8 28. h4 Bd7 29. b3 Ke7 30. g4 Kf6 31. Be4 g5 32. h5 Ke7 33. Kd3 Kf6 34. Ke3 Ke7 35. Kd3 Kf6 36. Ke3 Ke7 1/2-1/2

[Event "5th EKA IIFL Investment 2019"]
[Site "Mumbai"]
[Date "2020.01.07"]
[Round "9.12"]
[White "Aleksandrov, Aleksej"]
[Black "Koustav Chatterjee"]
[Result "1-0"]
[WhiteElo "2592"]
[BlackElo "2447"]
[Annotator "TA"]
[PlyCount "85"]
[EventDate "2019.12.30"]
[EventType "swiss"]
[EventCountry "IND"]
[SourceTitle "playchess.com"]
[Source "ChessBase"]
[SourceQuality "1"]

1. d4 Nf6 2. c4 e6 3. Nc3 Bb4 4. e3 O-O 5. Nge2 c6 6. a3 Ba5 7. Bd2 d5 8. cxd5 exd5 9. Ng3 Bc7 10. Bd3 Re8 11. Qc2 g6 12. Nce2 Kg7 13. f3 Bb6 14. O-O h5 15. Nh1 Nbd7 16. b4 Nf8 17. Nf2 Ne6 18. Rad1 a5 19. Bc3 h4 20. e4 Nh5 21. Qc1 axb4 22. axb4 Nc7 23. e5 Nb5 24. Bxb5 cxb5 25. g4 hxg3 26. hxg3 Rh8 27. Kg2 Ra2 28. Rd2 Rxd2 29. Bxd2 Kg8 30. Bg5 Qf8 31. Rh1 Be6 32. Nd3 Ng7 33. Rxh8+ Kxh8 34. Nc5 Kg8 35. g4 Qa8 36. Kg3 Bxc5 37. Qxc5 Bd7 38. Bf6 Ne6 39. Qc1 Qf8 40. Kf2 Kh7 41. g5 Kg8 42. Qh1 Ng7 43. Qh6 1-0

[Event "5th EKA IIFL Investment 2019"]
[Site "Mumbai"]
[Date "2020.01.07"]
[Round "9.13"]
[White "Gholami, Aryan"]
[Black "Anuj Shrivatri"]
[Result "1/2-1/2"]
[WhiteElo "2541"]
[BlackElo "2348"]
[Annotator "TA"]
[PlyCount "97"]
[EventDate "2019.12.30"]
[EventType "swiss"]
[EventCountry "IND"]
[SourceTitle "playchess.com"]
[Source "ChessBase"]
[SourceQuality "1"]

1. Nf3 Nf6 2. b3 d5 3. Bb2 e6 4. e3 Be7 5. c4 O-O 6. Nc3 c5 7. cxd5 exd5 8. d4 Nc6 9. Be2 Ne4 10. O-O Bf6 11. Nxe4 dxe4 12. Ne5 cxd4 13. Nxc6 bxc6 14. Bxd4 Bxd4 15. exd4 Be6 16. Rc1 Qd6 17. Qd2 Rad8 18. Rfd1 Bd5 19. Bc4 f5 20. Qa5 Rd7 21. Qa6 f4 22. Bxd5+ cxd5 23. Rc6 Qe7 24. Re6 Qg5 25. Re5 Qg4 26. Rc1 f3 27. g3 Qh3 28. Qf1 Qh6 29. Rc2 Rd6 30. Qc1 Qh3 31. Qf1 Qh6 32. Qc1 Qh3 33. Qf1 Qg4 34. Rc7 Re6 35. Rxe6 Qxe6 36. Rc3 Rc8 37. Rxc8+ Qxc8 38. h3 Qc6 39. Qe1 Qc7 40. Qd2 h6 41. h4 Qd7 42. Kh2 Qc8 43. Qa5 Qc6 44. Qd8+ Kh7 45. Qf8 Qc2 46. Qf5+ Kh8 47. Qf8+ Kh7 48. Qf5+ Kh8 49. Qf8+ 1/2-1/2

[Event "5th EKA IIFL Investment 2019"]
[Site "Mumbai"]
[Date "2020.01.07"]
[Round "9.14"]
[White "Neelash Saha"]
[Black "Debashis, Das"]
[Result "1-0"]
[WhiteElo "2356"]
[BlackElo "2523"]
[Annotator "TA RC"]
[PlyCount "85"]
[EventDate "2019.12.30"]
[EventType "swiss"]
[EventCountry "IND"]
[SourceTitle "playchess.com"]
[Source "ChessBase"]
[SourceQuality "1"]

1. d4 Nf6 2. c4 e6 3. g3 c5 4. Nf3 cxd4 5. Nxd4 a6 6. Bg2 Qc7 7. b3 Bb4+ 8. Bd2 Be7 9. O-O Nc6 10. Bc3 b6 11. e4 Bb7 12. Qe2 d6 13. Nc2 O-O 14. Ne3 b5 15. Nd2 b4 16. Bb2 a5 17. f4 a4 18. Rab1 axb3 19. axb3 Ra2 20. Kh1 Nd7 21. Ng4 e5 22. Ne3 Nd4 23. Qd1 Nc5 24. Nd5 Bxd5 25. exd5 Bf6 26. Ne4 Nxe4 27. Bxe4 Qc5 28. Qd3 h6 29. Rfd1 Re8 30. fxe5 dxe5 31. Rd2 Ra7 32. Rf1 Rea8 33. h4 Qd6 34. Rdf2 Ra2 35. Qe3 Qd7 36. Bb1 R2a6 37. Bxd4 exd4 38. Qd3 Kf8 39. Kh2 Qd6 40. Qh7 Qe5 41. c5 Ke7 42. d6+ Ke6 43. Re1 1-0

[Event "5th EKA IIFL Investment 2019"]
[Site "Mumbai"]
[Date "2020.01.07"]
[Round "9.16"]
[White "Girinath, P.D.S."]
[Black "Mirzoev, Azer"]
[Result "1-0"]
[WhiteElo "2330"]
[BlackElo "2457"]
[Annotator "TA"]
[PlyCount "101"]
[EventDate "2019.12.30"]
[EventType "swiss"]
[EventCountry "IND"]
[SourceTitle "playchess.com"]
[Source "ChessBase"]
[SourceQuality "1"]

1. e4 c6 2. Nc3 d5 3. Nf3 a6 4. d4 Bg4 5. Bd3 e6 6. h3 Bh5 7. a3 Nf6 8. g4 Bg6 9. Qe2 Be7 10. Bd2 O-O 11. h4 Nbd7 12. e5 Ne8 13. Ng5 Nc7 14. f4 Bxd3 15. Qxd3 f5 16. exf6 Nxf6 17. O-O-O Bd6 18. Rde1 Qd7 19. Rhg1 c5 20. dxc5 Bxc5 21. Rg2 b5 22. Nf3 Qd6 23. Ne5 Nd7 24. h5 Nxe5 25. Rxe5 a5 26. Ne2 b4 27. a4 Rac8 28. Be3 Bxe3+ 29. Qxe3 Qc6 30. b3 Nb5 31. Nd4 Nxd4 32. Qxd4 Rc7 33. f5 exf5 34. gxf5 Rd7 35. Rxd5 Rc7 36. Kb2 h6 37. Re2 Qa8 38. Rd7 Rxd7 39. Qxd7 Qf3 40. Qe6+ Kh8 41. Re5 Qc3+ 42. Kb1 Rc8 43. Re2 Rd8 44. Ka2 Qf3 45. Qe7 Rc8 46. Qd7 Qxe2 47. Qxc8+ Kh7 48. Qc5 Qxh5 49. Qxa5 Qe2 50. Qc7 Qa6 51. a5 1-0

[Event "5th EKA IIFL Investment 2019"]
[Site "Mumbai"]
[Date "2020.01.07"]
[Round "9.17"]
[White "Nguyen, Van Huy"]
[Black "Sammed Jaykumar, Shete"]
[Result "1-0"]
[WhiteElo "2457"]
[BlackElo "2381"]
[Annotator "TA"]
[PlyCount "35"]
[EventDate "2019.12.30"]
[EventType "swiss"]
[EventCountry "IND"]
[SourceTitle "playchess.com"]
[Source "ChessBase"]
[SourceQuality "1"]

1. d4 Nf6 2. c4 g6 3. Nc3 d5 4. cxd5 Nxd5 5. Bd2 Nb6 6. e4 Qxd4 7. Qc2 Nc6 8. Be3 Qd8 9. Rd1 Bd7 10. Nf3 Bg7 11. Be2 O-O 12. O-O Qc8 13. h3 e5 14. Rd2 Be6 15. Rfd1 Rd8 16. Nd5 Nxd5 17. exd5 Nb4 18. Qc5 1-0

[Event "5th EKA IIFL Investment 2019"]
[Site "Mumbai"]
[Date "2020.01.07"]
[Round "9.18"]
[White "Harshavardhan G B"]
[Black "Shyaamnikhil P"]
[Result "1/2-1/2"]
[WhiteElo "2344"]
[BlackElo "2455"]
[Annotator "TA"]
[PlyCount "30"]
[EventDate "2019.12.30"]
[EventType "swiss"]
[EventCountry "IND"]
[SourceTitle "playchess.com"]
[Source "ChessBase"]
[SourceQuality "1"]

1. d4 e6 2. c4 Bb4+ 3. Nd2 Nf6 4. Ngf3 b6 5. e3 Bb7 6. Bd3 O-O 7. O-O d5 8. cxd5 exd5 9. Ne5 Bd6 10. f4 c5 11. b3 Nc6 12. Bb2 Nb4 13. Bb1 Nc6 14. Bd3 Nb4 15. Bb1 Nc6 1/2-1/2

[Event "5th EKA IIFL Investment 2019"]
[Site "Mumbai"]
[Date "2020.01.07"]
[Round "9.19"]
[White "Kulkarni, Vikramaditya"]
[Black "Mohammad Nubairshah Shaikh"]
[Result "1/2-1/2"]
[WhiteElo "2328"]
[BlackElo "2428"]
[Annotator "TA"]
[PlyCount "58"]
[EventDate "2019.12.30"]
[EventType "swiss"]
[EventCountry "IND"]
[SourceTitle "playchess.com"]
[Source "ChessBase"]
[SourceQuality "1"]

1. d4 d5 2. c4 c6 3. cxd5 cxd5 4. Bf4 Nc6 5. e3 Nf6 6. Nc3 Bf5 7. Be2 e6 8. g4 Bg6 9. h4 h5 10. g5 Ne4 11. Qb3 Qd7 12. Nf3 Bd6 13. Bxd6 Qxd6 14. Nb5 Qe7 15. Ne5 Nxe5 16. dxe5 O-O 17. Rg1 a6 18. Qa3 Qxa3 19. Nxa3 Rfc8 20. f3 Nc5 21. Kd2 b5 22. Rgc1 Nd7 23. f4 Nc5 24. Nc2 Bxc2 25. Rxc2 Ne4+ 26. Kd1 Nf2+ 27. Kd2 Ne4+ 28. Kd1 Rxc2 29. Bd3 Nf2+ 1/2-1/2

[Event "5th EKA IIFL Investment 2019"]
[Site "Mumbai"]
[Date "2020.01.07"]
[Round "9.20"]
[White "Rohith, Krishna S"]
[Black "Fedorov, Alexei"]
[Result "0-1"]
[WhiteElo "2306"]
[BlackElo "2562"]
[Annotator "TA"]
[PlyCount "66"]
[EventDate "2019.12.30"]
[EventType "swiss"]
[EventCountry "IND"]
[SourceTitle "playchess.com"]
[Source "ChessBase"]
[SourceQuality "1"]

1. d4 g6 2. c4 Bg7 3. Nc3 c5 4. d5 d6 5. Qc2 e6 6. g3 Ne7 7. Bg2 exd5 8. cxd5 Na6 9. a3 O-O 10. e4 Rb8 11. Nge2 b5 12. O-O b4 13. Nd1 Qb6 14. Bf4 bxa3 15. Rxa3 Nc7 16. Ne3 Ba6 17. Rb1 Nc8 18. Nc4 Bxc4 19. Qxc4 Nb5 20. Rd3 Qa5 21. h4 Nb6 22. Qc1 Qa2 23. Rd1 Nc4 24. Bh6 Bxh6 25. Qxh6 Nxb2 26. Rf1 Nd3 27. Qe3 Ne5 28. Ra1 Qc2 29. Rfd1 c4 30. Nd4 Nxd4 31. Qxd4 Rb2 32. Rdc1 Qe2 33. Qxa7 Rfb8 0-1

[Event "5th EKA IIFL Investment 2019"]
[Site "Mumbai"]
[Date "2020.01.07"]
[Round "9.21"]
[White "Rios, Cristhian Camilo"]
[Black "Saravana, Krishnan P."]
[Result "1-0"]
[WhiteElo "2505"]
[BlackElo "2304"]
[Annotator "TA"]
[PlyCount "78"]
[EventDate "2019.12.30"]
[EventType "swiss"]
[EventCountry "IND"]
[SourceTitle "playchess.com"]
[Source "ChessBase"]
[SourceQuality "1"]

1. d4 d5 2. c4 c6 3. Nf3 Nf6 4. Qc2 dxc4 5. Qxc4 Bf5 6. g3 e6 7. Bg2 Be7 8. O-O O-O 9. Nc3 Nbd7 10. Re1 Ne4 11. Qb3 Qb6 12. Nh4 Bxh4 13. gxh4 Nef6 14. e4 Bg6 15. Qxb6 axb6 16. Bf4 Ra5 17. a4 Re8 18. b4 Raa8 19. Rad1 Nh5 20. Bd6 e5 21. Bh3 exd4 22. Bxd7 dxc3 23. Bxe8 Rxe8 24. Rc1 Re6 25. Bg3 f5 26. f3 fxe4 27. Rxc3 Nf6 28. fxe4 Rxe4 29. Rxe4 Nxe4 30. Rd3 c5 31. Rd8+ Kf7 32. Rd7+ Ke6 33. Rxb7 c4 34. Rxb6+ Kd5 35. Kf1 c3 36. Bf4 c2 37. a5 Kc4 38. a6 Nc3 39. Rxg6 Kd5 1-0

[Event "5th EKA IIFL Investment 2019"]
[Site "Mumbai"]
[Date "2020.01.07"]
[Round "9.22"]
[White "Nigmatov, Ortik"]
[Black "Nitish Belurkar"]
[Result "1-0"]
[WhiteElo "2474"]
[BlackElo "2294"]
[Annotator "TA"]
[PlyCount "79"]
[EventDate "2019.12.30"]
[EventType "swiss"]
[EventCountry "IND"]
[SourceTitle "playchess.com"]
[Source "ChessBase"]
[SourceQuality "1"]

1. Nf3 Nf6 2. e3 g6 3. b3 Bg7 4. Bb2 d6 5. d4 O-O 6. Be2 e5 7. dxe5 Nfd7 8. c4 Nc6 9. O-O Ncxe5 10. Nc3 Nxf3+ 11. Bxf3 a5 12. Qd2 Ne5 13. Be2 Be6 14. Rad1 Nd7 15. Bf3 Nc5 16. Ne2 Bxb2 17. Qxb2 Bd7 18. Nd4 Qf6 19. Qc2 Rae8 20. Rfe1 Kg7 21. Qd2 b6 22. Ne2 Bf5 23. Nf4 Be4 24. Bxe4 Nxe4 25. Qc2 Qd8 26. f3 Nc5 27. e4 f5 28. exf5 Rxe1+ 29. Rxe1 Rxf5 30. Nd5 Rf7 31. Qc3+ Kg8 32. Qe3 Kg7 33. Ne7 Nd7 34. f4 Kf8 35. Nc6 Qf6 36. Qe8+ Kg7 37. Nd8 Ne5 38. Nxf7 Nxf7 39. g3 g5 40. Qe4 1-0

[Event "5th EKA IIFL Investment 2019"]
[Site "Mumbai"]
[Date "2020.01.07"]
[Round "9.23"]
[White "Khusenkhojaev, Muhammad"]
[Black "Manish Anto Cristiano F"]
[Result "1-0"]
[WhiteElo "2427"]
[BlackElo "2280"]
[Annotator "RC"]
[PlyCount "93"]
[EventDate "2019.12.30"]
[EventType "swiss"]
[EventCountry "IND"]
[SourceTitle "playchess.com"]
[Source "ChessBase"]
[SourceQuality "1"]

1. Nf3 Nf6 2. g3 g6 3. c4 c5 4. Bg2 Bg7 5. d4 cxd4 6. Nxd4 O-O 7. Nc3 Nc6 8. O-O a6 9. c5 Qc7 10. Na4 Rd8 11. Bf4 e5 12. Nxc6 bxc6 13. Bg5 d5 14. cxd6 Rxd6 15. Qc1 Bf5 16. Be3 Nd7 17. Rd1 Rxd1+ 18. Qxd1 Rd8 19. Qc1 e4 20. Qc2 Re8 21. Rc1 Re6 22. Rd1 h5 23. b3 Re8 24. Bf4 Be5 25. Bxe4 Bxe4 26. Qxe4 Nf6 27. Bxe5 Rxe5 28. Qc4 a5 29. e3 Kg7 30. Rc1 Re6 31. Nc5 Rd6 32. Ne4 Nxe4 33. Qxe4 Kh7 34. Rc5 Kg8 35. Kg2 Re6 36. Qa4 Qd6 37. Rxa5 c5 38. Qf4 Qb6 39. Ra8+ Kg7 40. Qb8 Qc6+ 41. Kg1 Kf6 42. Qh8+ Kg5 43. Ra4 Re4 44. Qa8 Qxa8 45. Rxa8 Kf6 46. Ra5 Re5 47. Kf1 1-0

[Event "5th EKA IIFL Investment 2019"]
[Site "Mumbai"]
[Date "2020.01.07"]
[Round "9.24"]
[White "Hesham, Abdelrahman"]
[Black "Luong, Phuong Hanh"]
[Result "0-1"]
[WhiteElo "2416"]
[BlackElo "2256"]
[Annotator "RC"]
[PlyCount "76"]
[EventDate "2019.12.30"]
[EventType "swiss"]
[EventCountry "IND"]
[SourceTitle "playchess.com"]
[Source "ChessBase"]
[SourceQuality "1"]

1. d4 Nf6 2. c4 g6 3. f3 d5 4. cxd5 Nxd5 5. e4 Nb6 6. Nc3 Bg7 7. Be3 O-O 8. Qd2 Nc6 9. O-O-O f5 10. e5 Nb4 11. Nh3 Be6 12. Kb1 Qd7 13. Nf4 Rfd8 14. a3 a5 15. d5 N4xd5 16. Ncxd5 Nxd5 17. Bc4 c6 18. Bb6 Rdc8 19. Nxe6 Qxe6 20. Bxd5 cxd5 21. Qxd5 Rc6 22. Qxe6+ Rxe6 23. Bc7 b6 24. f4 Kf7 25. Rc1 Rc8 26. Rhd1 g5 27. g4 fxg4 28. fxg5 Kg6 29. Rd4 Rxc7 30. Rxc7 Bxe5 31. Re4 Kf5 32. Rcc4 b5 33. Rxe5+ Rxe5 34. g6 hxg6 35. Rc6 Re1+ 36. Ka2 Re2 37. Rc5+ e5 38. Rxb5 Rxh2 0-1

[Event "5th EKA IIFL Investment 2019"]
[Site "Mumbai"]
[Date "2020.01.07"]
[Round "9.25"]
[White "Sundararajan, Kidambi"]
[Black "Varun, V."]
[Result "1/2-1/2"]
[WhiteElo "2414"]
[BlackElo "2256"]
[Annotator "RC"]
[PlyCount "105"]
[EventDate "2019.12.30"]
[EventType "swiss"]
[EventCountry "IND"]
[SourceTitle "playchess.com"]
[Source "ChessBase"]
[SourceQuality "1"]

1. e3 d5 2. Nf3 Nf6 3. b3 Bf5 4. Bb2 e6 5. d3 Be7 6. g3 h6 7. Bg2 Nbd7 8. O-O O-O 9. Qe2 a5 10. a4 c6 11. Nbd2 Bh7 12. Kh1 b5 13. Nd4 Qb6 14. f4 bxa4 15. Rxa4 c5 16. N4f3 c4 17. dxc4 Bxc2 18. Nd4 Bh7 19. cxd5 exd5 20. f5 Nc5 21. Ra2 a4 22. bxa4 Nxa4 23. Rfa1 Rae8 24. Nc4 dxc4 25. Rxa4 Bc5 26. Rxc4 Re5 27. Rac1 Rfe8 28. Qc2 Bf8 29. Rc6 Qd8 30. Rc8 Qb6 31. Rxe8 Rxe8 32. e4 Ng4 33. Bf3 Ne5 34. Bg2 Nd3 35. Qxd3 Qxb2 36. Rb1 Qa2 37. Qc2 Qxc2 38. Nxc2 g6 39. g4 gxf5 40. gxf5 Bd6 41. Ne3 Rb8 42. Rd1 Be5 43. Ng4 Bf4 44. Nf6+ Kh8 45. Bf3 Bg5 46. Nxh7 Kxh7 47. Rd7 Kg8 48. Bh5 f6 49. Bf7+ Kf8 50. Kg2 Rb2+ 51. Kg3 Rd2 52. Rb7 Rd3+ 53. Kg4 1/2-1/2

[Event "5th EKA IIFL Investment 2019"]
[Site "Mumbai"]
[Date "2020.01.07"]
[Round "9.26"]
[White "Srihari, L R"]
[Black "Zysk, Robert"]
[Result "1-0"]
[WhiteElo "2271"]
[BlackElo "2403"]
[Annotator "RC"]
[PlyCount "49"]
[EventDate "2019.12.30"]
[EventType "swiss"]
[EventCountry "IND"]
[SourceTitle "playchess.com"]
[Source "ChessBase"]
[SourceQuality "1"]

1. d4 Nf6 2. c4 c6 3. Nf3 d5 4. Qc2 e6 5. Nbd2 Nbd7 6. g3 Be7 7. Bg2 O-O 8. O-O b6 9. e4 Bb7 10. e5 Ne8 11. cxd5 cxd5 12. Re1 a5 13. a3 b5 14. Nf1 b4 15. a4 Ba6 16. Ne3 b3 17. Qxb3 Bb4 18. Bd2 Bxd2 19. Nxd2 Rb8 20. Qc3 Qb6 21. b3 f6 22. Nxd5 exd5 23. e6 Rc8 24. exd7 Rxc3 25. Bxd5+ 1-0

[Event "5th EKA IIFL Investment 2019"]
[Site "Mumbai"]
[Date "2020.01.07"]
[Round "9.27"]
[White "Moksh Amit Doshi"]
[Black "Subhayan Kundu"]
[Result "1/2-1/2"]
[WhiteElo "2399"]
[BlackElo "2222"]
[Annotator "RC"]
[PlyCount "57"]
[EventDate "2019.12.30"]
[EventType "swiss"]
[EventCountry "IND"]
[SourceTitle "playchess.com"]
[Source "ChessBase"]
[SourceQuality "1"]

1. e4 c5 2. Nf3 Nc6 3. d4 cxd4 4. Nxd4 Nf6 5. Nc3 d6 6. Bg5 e6 7. Qd2 a6 8. O-O-O Be7 9. f4 Bd7 10. Nf3 b5 11. Bxf6 gxf6 12. Kb1 Qb6 13. f5 O-O-O 14. g3 Kb8 15. fxe6 fxe6 16. Bh3 Na5 17. Qd3 b4 18. Ne2 e5 19. Bxd7 Rxd7 20. Nh4 Rc8 21. b3 Nb7 22. Nc1 Qc6 23. Rhe1 d5 24. exd5 Rxd5 25. Qxd5 Qxc2+ 26. Ka1 Qc3+ 27. Kb1 Qc2+ 28. Ka1 Qc3+ 29. Kb1 1/2-1/2